01384nam a2200337 a 450000100100000000500170001000800410002702000150006804000250008304100380010808200150014610000410016124000350020224501500023726000290038730000260041649000350044253400430047750000730052050000760059350400500066960000240071965000240074365000230076765000290079070000380081983000440085704900090090195201190091099900170102900002363220250707094846.0101215s1987 sp r 000 0 spa d a8430914110 aDO-SdBNPbspacBNPHU17aspaheng2Código de idioma MARC a323bT488d1 aThoreau, Henry D.d1817-1862.94870010aCivil disobediencelEspañol.10aDesobediencia civil y otros escritos /cHenry David Thoreau ; estudio preliminar y notas de Juan José Coy ; traducción de Ma. Eugenia Díaz. aMadrid :bTecnos,c1987. a111, [2] P. ;c18 cm.1 aClásicos del Pensamientov32 aTítulo original:tCivil disobedience aIncluye referencias bibliográficas y notas al pie de las páginas aIncluye datos biográficos del autor en la solapa de la contracubierta aIncluye nota bibliográfica (p. xxxv-xxxvii)10aBROWN, JOHN,948701 0aDerecho civil95702 0aPolíticos939809 0aResistencia civil9442201 aDíaz, Ma. Eugeníaetr.948702 0aClásicos del Pensamiento ;v32948703 aBNGR 001054708MOaGRbGRcCTd2010-12-15iLF1l0o323 T488dp23632-10r2020-06-25w2020-06-25y4ZPréstamo en sala c23128d23128